000 00730nam a2200253Ia 4500
003 OSt
005 20221006144002.0
006 a|||||r|||| 00| 0
007 ta
008 221006b |||||||| |||| 00| 0 eng d
020 _c
_4.00
024 _a10,563
037 _bGift,
_cTextual
040 _aEASL
_cEASL
_beng
041 _2eng
_aeng
082 _aW,(Y48).41.N70, L4
100 _aTEIWES Frederick C
_923362
245 0 _aProvincial leadership in China
_b The cultural revolution and its aftermath
260 _aNew York
_bCornell University
_c1974
300 _a165p.
_ccm.
490 _v CEL
942 _hW,(Y48).41.N70, L4
_cTEXL
_2CC
999 _c1078649
_d1078649